| 000 | 00424nmm a2200145Ia 4500 | ||
|---|---|---|---|
| 008 | 251105s9999||||xx |||||||||||||||||und|| | ||
| 041 | _aspa | ||
| 100 | _aAmano, Shuji | ||
| 245 | 0 | _aSamurái de Barcelona | |
| 264 |
_a[Madrid, España] : _bEditorial Club Universitario: ECU, _c2021 |
||
| 300 | _a184 páginas | ||
| 650 | _aAges 9-12 Years Old | ||
| 856 | _uhttps://public.digitaliapublishing.com/a/171421 | ||
| 942 | _cCF | ||
| 999 |
_c106856 _d106856 |
||